[Event "Titled Tuesday intern op 16th Apr Late"]
[Site "Chess.com INT"]
[Date "2024.04.16"]
[Round "2"]
[White "Bressy, Theo"]
[Black "Guzman Lozano, Campo Elias"]
[Result "1-0"]
[WhiteElo "2195"]
[BlackElo "1902"]
[PlyCount "95"]
[EventDate "2024.04.16"]
[EventType "swiss (blitz)"]
[EventRounds "11"]
[EventCountry "USA"]
[SourceTitle "CB17_2024"]
[SourceDate "2024.04.24"]
[SourceVersion "1"]
[SourceVersionDate "2024.04.24"]
[SourceQuality "1"]

1. e4 c5 2. a3 e6 3. b4 b6 4. b5 Bb7 5. Nc3 Nf6 6. e5 Nd5 7. Nxd5 Bxd5 8. c4 Bb7 9. Bb2 d5 10. exd6 Qxd6 11. d4 cxd4 12. Qxd4 Qxd4 13. Bxd4 Nd7 14. Nf3 f6 15. Be2 Bc5 16. Bxc5 Nxc5 17. 0-0 0-0 18. Rfd1 Rad8 19. Kf1 e5 20. Ke1 Kf7 21. a4 Ne4 22. a5 Nc3 23. Rxd8 Rxd8 24. axb6 axb6 25. Ra7 Rd7 26. Nd2 Nxe2 27. Kxe2 Bf3+ 28. Kxf3 Rxa7 29. Ke4 Ke6 30. g4 g6 31. Kd3 f5 32. gxf5+ gxf5 33. Kc3 Ra3+ 34. Kb4 Rd3 35. Nb3 Kd6 36. h4 f4 37. Nc1 e4 38. Nxd3 exd3 39. Kc3 d2 40. Kxd2 Kc5 41. Kd3 h6 42. h5 Kd6 43. Kd4 f3 44. Ke4 Kc5 45. Kd3 Kd6 46. Kd4 Ke6 47. c5 bxc5+ 48. Kxc5 1-0

[Event "Titled Tuesday intern op 16th Apr Early"]
[Site "Chess.com INT"]
[Date "2024.04.16"]
[Round "3"]
[White "Guzman Lozano, Campo Elias"]
[Black "Kokoszczynski, Jan"]
[Result "0-1"]
[WhiteElo "1902"]
[BlackElo "2287"]
[PlyCount "42"]
[EventDate "2024.04.16"]
[EventType "swiss (blitz)"]
[EventRounds "11"]
[EventCountry "USA"]
[SourceTitle "CB17_2024"]
[SourceDate "2024.04.24"]
[SourceVersion "1"]
[SourceVersionDate "2024.04.24"]
[SourceQuality "1"]

1. Nf3 d5 2. b3 Bg4 3. Bb2 Nd7 4. d4 e6 5. c4 c6 6. Nbd2 Ngf6 7. g3 Bd6 8. Bg2 0-0 9. 0-0 a5 10. h3 Bh5 11. Re1 a4 12. e4 dxe4 13. Nxe4 Nxe4 14. Rxe4 Qa5 15. g4 Bg6 16. Re2 Rfd8 17. Qd2 Bb4 18. Qg5 Qxg5 19. Nxg5 a3 20. d5 axb2 21. Rxb2 Bc3 0-1

[Event "Titled Tuesday intern op 02nd Apr Early"]
[Site "Chess.com INT"]
[Date "2024.04.02"]
[Round "1"]
[White "Guzman Lozano, Campo Elias"]
[Black "Banerjee, Supratit"]
[Result "0-1"]
[WhiteElo "1902"]
[BlackElo "2060"]
[PlyCount "64"]
[EventDate "2024.04.02"]
[EventType "swiss (blitz)"]
[EventRounds "11"]
[EventCountry "USA"]
[SourceTitle "CB15_2024"]
[SourceDate "2024.04.10"]
[SourceVersion "1"]
[SourceVersionDate "2024.04.10"]
[SourceQuality "1"]

1. d4 d5 2. Bg5 Nf6 3. Nd2 h6 4. Bxf6 exf6 5. e3 Bd6 6. Bd3 f5 7. Ne2 0-0 8. g3 Re8 9. 0-0 b6 10. c4 dxc4 11. Nxc4 g6 12. Nxd6 Qxd6 13. Rc1 Bb7 14. Nf4 Nd7 15. Be2 Nf6 16. Bf3 Ne4 17. Rc2 Rac8 18. Bg2 a5 19. Qe2 c5 20. Rd1 cxd4 21. Rxd4 Qe5 22. Rxc8 Rxc8 23. Rc4 Rd8 24. Nd3 Qf6 25. f3 Ba6 26. Qc2 Bxc4 27. Qxc4 Nc5 28. Nf2 Qxb2 29. h4 Rd2 30. Qf1 Qc3 31. e4 Qe3 32. exf5 Nd3 0-1

[Event "Titled Tuesday intern op 02nd Apr Late"]
[Site "Chess.com INT"]
[Date "2024.04.02"]
[Round "8"]
[White "Guzman Lozano, Campo Elias"]
[Black "Rose, Felix"]
[Result "1-0"]
[WhiteElo "1902"]
[BlackElo "2091"]
[PlyCount "135"]
[EventDate "2024.04.02"]
[EventType "swiss (blitz)"]
[EventRounds "11"]
[EventCountry "USA"]
[SourceTitle "CB15_2024"]
[SourceDate "2024.04.10"]
[SourceVersion "1"]
[SourceVersionDate "2024.04.10"]
[SourceQuality "1"]

1. d4 Nf6 2. Bg5 d5 3. Nd2 e6 4. e3 Be7 5. Bd3 Nbd7 6. Ngf3 h6 7. Bh4 c5 8. c3 b6 9. 0-0 Bb7 10. Bg3 Ne4 11. Ne5 Nxg3 12. fxg3 Nxe5 13. dxe5 Bg5 14. Bb5+ Ke7 15. Qe2 Qc7 16. Nf3 Kd8 17. b4 a6 18. Bd3 c4 19. Bc2 Be7 20. Nd4 Qxe5 21. Rxf7 Rb8 22. Raf1 Ba8 23. Kh1 Bf6 24. Qg4 Re8 25. R1xf6 gxf6 26. Qg7 Kc8 27. h3 Rb7 28. Qxf6 Qxf6 29. Rxf6 Rbe7 30. Rxh6 Bb7 31. a4 Kc7 32. g4 e5 33. Nf5 Re6 34. Rh7+ Kb8 35. Kh2 Rd8 36. g5 Ree8 37. g6 Rg8 38. Nh6 Rh8 39. Nf7 Rxh7 40. gxh7 Rf8 41. h8Q Rxh8 42. Nxh8 Kc7 43. Kg3 Kd6 44. Ng6 a5 45. Kf2 axb4 46. cxb4 Bc8 47. h4 d4 48. exd4 exd4 49. Be4 c3 50. Ke2 Ke6 51. Kd3 Kf6 52. h5 Bf5 53. Bxf5 Kxf5 54. Ne7+ Ke6 55. Nc6 b5 56. a5 Kd5 57. Nxd4 c2 58. Nxc2 Ke5 59. a6 Kd6 60. h6 Kc7 61. h7 Kb6 62. h8Q Ka7 63. Qd4+ Kxa6 64. Na3 Kb7 65. Qc5 Ka8 66. Nxb5 Kb7 67. Nd6+ Ka6 68. Qa5# 1-0

[Event "Titled Tuesday intern op 02nd Apr Early"]
[Site "Chess.com INT"]
[Date "2024.04.02"]
[Round "3"]
[White "Hoffmann, Asa"]
[Black "Guzman Lozano, Campo Elias"]
[Result "1-0"]
[WhiteElo "2185"]
[BlackElo "1902"]
[PlyCount "111"]
[EventDate "2024.04.02"]
[EventType "swiss (blitz)"]
[EventRounds "11"]
[EventCountry "USA"]
[SourceTitle "CB15_2024"]
[SourceDate "2024.04.10"]
[SourceVersion "1"]
[SourceVersionDate "2024.04.10"]
[SourceQuality "1"]

1. d4 Nf6 2. Bg5 e6 3. Nd2 c5 4. e3 cxd4 5. exd4 Nc6 6. c3 Be7 7. Bd3 d5 8. f4 h6 9. Bh4 Qc7 10. Qf3 Bd7 11. Ne2 a6 12. Bg3 Bd6 13. 0-0 Ne7 14. Rac1 b5 15. b3 Qb6 16. c4 Ba3 17. Rc2 Bc6 18. c5 Qb7 19. f5 0-0 20. Be5 Ne4 21. f6 gxf6 22. Bxf6 Ng6 23. Ng3 Bb4 24. Ndxe4 dxe4 25. Bxe4 Bxe4 26. Qxe4 Qxe4 27. Nxe4 Rfd8 28. c6 Rd5 29. c7 Rc8 30. Rfc1 Ba5 31. Rc6 Nf4 32. R1c2 Rf5 33. Be5 Nd5 34. Ng3 Rxe5 35. dxe5 Nb4 36. Ne4 Nxc6 37. Rxc6 Rxc7 38. Rxa6 Be1 39. Kf1 Bh4 40. g3 Be7 41. Rb6 b4 42. Nd6 Kg7 43. Nc4 Rc5 44. Ra6 Rd5 45. Ke2 Bg5 46. Ra4 Be7 47. h4 Rd4 48. Ke3 Rg4 49. Kf3 h5 50. Ra7 Bc5 51. Rc7 Bd4 52. Nd6 Bxe5 53. Rxf7+ Kg6 54. Rd7 Rd4 55. Rd8 Rxd6 56. Rxd6 1-0

[Event "Titled Tuesday intern op 12th Mar Late"]
[Site "Chess.com INT"]
[Date "2024.03.12"]
[Round "4"]
[White "Guzman Lozano, Campo Elias"]
[Black "Weisz, Bryan"]
[Result "0-1"]
[WhiteElo "1902"]
[BlackElo "1997"]
[PlyCount "38"]
[EventDate "2024.03.12"]
[EventType "swiss (blitz)"]
[EventRounds "11"]
[EventCountry "USA"]
[SourceTitle "CB12_2024"]
[SourceDate "2023.10.01"]
[SourceVersion "1"]
[SourceVersionDate "2023.10.01"]
[SourceQuality "1"]

1. d4 Nf6 2. Bg5 Ne4 3. h4 d5 4. Nd2 Qd6 5. Nxe4 dxe4 6. c3 Bf5 7. e3 Nc6 8. Bb5 0-0-0 9. Qa4 f6 10. Bf4 e5 11. Bxc6 exf4 12. Bb5 a6 13. Be2 fxe3 14. fxe3 Qg3+ 15. Kf1 Qxe3 16. Qd1 Bd6 17. Nh3 Bg3 18. Bg4 Rd5 19. Bxf5+ Rxf5+ 0-1

[Event "Titled Tuesday intern op 27th Feb Late"]
[Site "Chess.com INT"]
[Date "2024.02.27"]
[Round "6"]
[White "Guzman Lozano, Campo Elias"]
[Black "Ivanov, Mikhail M"]
[Result "0-1"]
[WhiteElo "1837"]
[BlackElo "2275"]
[PlyCount "64"]
[EventDate "2024.02.27"]
[EventType "swiss (blitz)"]
[EventRounds "11"]
[EventCountry "USA"]
[SourceTitle "CB10_2024"]
[SourceDate "2024.03.06"]
[SourceVersion "1"]
[SourceVersionDate "2024.03.06"]
[SourceQuality "1"]

1. Nf3 c5 2. e4 Nc6 3. Bb5 e6 4. 0-0 Nge7 5. Re1 a6 6. Bf1 d6 7. c3 Ng6 8. d4 cxd4 9. cxd4 Be7 10. Nc3 0-0 11. Be3 b5 12. Rc1 Bb7 13. a4 b4 14. Ne2 a5 15. Ng3 Rc8 16. Qb3 d5 17. e5 Qb6 18. Bd3 Na7 19. Ne2 Rxc1 20. Rxc1 Ba6 21. Nf4 Bxd3 22. Nxd3 Rc8 23. Rxc8+ Nxc8 24. Qc2 Na7 25. Nc5 Qc7 26. Ne1 Bxc5 27. dxc5 Nxe5 28. Nd3 Nc4 29. Bf4 e5 30. Bg3 f6 31. b3 Na3 32. f4 Nxc2 0-1

[Event "Titled Tuesday intern op 13th Feb Early"]
[Site "Chess.com INT"]
[Date "2024.02.13"]
[Round "4"]
[White "Breuil, Tristan"]
[Black "Guzman Lozano, Campo Elias"]
[Result "1-0"]
[WhiteElo "2305"]
[BlackElo "1837"]
[PlyCount "71"]
[EventDate "2024.02.13"]
[EventType "swiss (blitz)"]
[EventRounds "11"]
[EventCountry "USA"]
[SourceTitle "CB08_2024"]
[SourceDate "2024.02.21"]
[SourceVersion "1"]
[SourceVersionDate "2024.02.21"]
[SourceQuality "1"]

1. e4 c5 2. Nf3 Nc6 3. d4 cxd4 4. Nxd4 e5 5. Nb5 a6 6. N5a3 Bc5 7. c3 Qh4 8. Qf3 Nf6 9. b4 Ba7 10. Bd3 d6 11. Nc4 0-0 12. g3 Qh3 13. Ne3 d5 14. Nxd5 Nxd5 15. exd5 e4 16. Qxe4 f5 17. Qf4 Qg2 18. Rf1 Re8+ 19. Be3 Bxe3 20. fxe3 Qb2 21. dxc6 Qxa1 22. Kf2 Qxa2+ 23. Kg1 bxc6 24. Bc4+ Be6 25. Bxa2 Bxa2 26. Nd2 Be6 27. Nf3 Rad8 28. Nd4 Bd7 29. Nxf5 Kh8 30. Qg5 Bxf5 31. Qxf5 h6 32. h4 Rxe3 33. Qc5 Rxg3+ 34. Kh2 Rgd3 35. Rf8+ Kh7 36. Qf5+ 1-0

[Event "Titled Tuesday intern op 13th Feb Early"]
[Site "Chess.com INT"]
[Date "2024.02.13"]
[Round "5"]
[White "Eggleston, Thomas"]
[Black "Guzman Lozano, Campo Elias"]
[Result "0-1"]
[WhiteElo "2188"]
[BlackElo "1837"]
[PlyCount "160"]
[EventDate "2024.02.13"]
[EventType "swiss (blitz)"]
[EventRounds "11"]
[EventCountry "USA"]
[SourceTitle "CB08_2024"]
[SourceDate "2024.02.21"]
[SourceVersion "1"]
[SourceVersionDate "2024.02.21"]
[SourceQuality "1"]

1. e4 c5 2. Nf3 Nc6 3. d4 cxd4 4. Nxd4 e5 5. Nb5 a6 6. Nd6+ Bxd6 7. Qxd6 Qe7 8. Qd1 Nf6 9. Nc3 h6 10. Bd3 d6 11. 0-0 0-0 12. h3 Be6 13. Kh1 Rad8 14. f4 d5 15. fxe5 Nxe5 16. exd5 Nxd5 17. Nxd5 Rxd5 18. Be3 Nxd3 19. cxd3 Rfd8 20. d4 Qb4 21. b3 Rf5 22. Rxf5 Bxf5 23. Rc1 Qe7 24. Qf3 Be4 25. Qg3 Bc6 26. Bxh6 Qf6 27. Bg5 Qg6 28. Kh2 Rxd4 29. Rc3 Re4 30. Rd3 f6 31. Rd8+ Kh7 32. Bf4 Qxg3+ 33. Kxg3 Re2 34. Bc7 Rxg2+ 35. Kf4 Rxa2 36. Rd3 Kg6 37. Bb6 Kf7 38. h4 Rg2 39. Bc5 g5+ 40. hxg5 fxg5+ 41. Kf5 Rc2 42. b4 a5 43. Kxg5 axb4 44. Bxb4 Rf2 45. Bc5 Rf1 46. Rd2 Ke6 47. Bf2 Ke5 48. Re2+ Kd5 49. Kf4 Kc4 50. Ke3 Rb1 51. Rc2+ Kb3 52. Rd2 Rb2 53. Rd3+ Kc4 54. Rd4+ Kb5 55. Bg3 Rb3+ 56. Kf2 Rf3+ 57. Ke2 Rxg3 58. Kd2 Rg2+ 59. Kc3 Kb6 60. Kb4 Kc7 61. Kc3 Rg3+ 62. Kd2 b5 63. Rb4 Kb6 64. Rb2 Rg2+ 65. Kc3 Rxb2 66. Kxb2 Kc5 67. Kc3 b4+ 68. Kb2 Kc4 69. Kc2 b3+ 70. Kb2 Kb4 71. Kc1 Kc3 72. Kd1 b2 73. Ke2 b1Q 74. Kf2 Qe4 75. Kg3 Qf3+ 76. Kh4 Qg2 77. Kh5 Kd4 78. Kh6 Ke5 79. Kh7 Kf6 80. Kh8 Qg7# 0-1

[Event "Titled Tuesday intern op 06th Feb Early"]
[Site "Chess.com INT"]
[Date "2024.02.06"]
[Round "11"]
[White "Guzman Lozano, Campo Elias"]
[Black "Dahlgren, James Allen"]
[Result "1/2-1/2"]
[WhiteElo "1837"]
[BlackElo "1770"]
[PlyCount "125"]
[EventDate "2024.02.06"]
[EventType "swiss (blitz)"]
[EventRounds "11"]
[EventCountry "USA"]
[SourceTitle "CB07_2024"]
[SourceDate "2024.02.14"]
[SourceVersion "1"]
[SourceVersionDate "2024.02.14"]
[SourceQuality "1"]

1. e4 e6 2. Qe2 c5 3. c3 Be7 4. d4 d5 5. e5 b6 6. f4 Ba6 7. Qg4 Bxf1 8. Qxg7 Bxg2 9. Qxg2 Bh4+ 10. Kd1 Ne7 11. Nf3 Rg8 12. Qh3 Nf5 13. Na3 Nc6 14. Nc2 Rg6 15. Bd2 Rh6 16. Qg2 Qe7 17. Rb1 0-0-0 18. b4 c4 19. b5 Na5 20. Nb4 Qf8 21. Rg1 Rg6 22. Qf1 Be7 23. Na6 Qh6 24. Ke2 Rdg8 25. Qf2 Nb7 26. Rxg6 hxg6 27. Rg1 Rh8 28. Rg2 Bh4 29. Qg1 Be7 30. Be1 Bh4 31. Bg3 Bxg3 32. hxg3 Qh7 33. Rh2 Qg7 34. Rxh8+ Qxh8 35. Kf2 Kd7 36. Qh2 Qxh2+ 37. Nxh2 Nd8 38. Ng4 Ng7 39. Nf6+ Ke7 40. Nb8 Ne8 41. Nxe8 Kxe8 42. g4 Ke7 43. Kf3 Ke8 44. f5 Ke7 45. fxg6 fxg6 46. Kf4 Kf7 47. Kg5 Kg7 48. Nc6 Nf7+ 49. Kf4 g5+ 50. Kg3 Kf8 51. Nxa7 Nd8 52. Nc6 Nxc6 53. bxc6 Ke7 54. Kf3 Kd8 55. Ke3 Kc7 56. Kd2 Kxc6 57. Kc2 Kb5 58. a3 Ka5 59. Kb2 Ka4 60. Ka2 Ka5 61. Kb2 Ka4 62. Ka2 Ka5 63. Kb2 1/2-1/2

[Event "Titled Tuesday intern op 06th Feb Early"]
[Site "Chess.com INT"]
[Date "2024.02.06"]
[Round "2"]
[White "Guzman Lozano, Campo Elias"]
[Black "Herman, Daniel"]
[Result "0-1"]
[WhiteElo "1837"]
[BlackElo "1927"]
[PlyCount "42"]
[EventDate "2024.02.06"]
[EventType "swiss (blitz)"]
[EventRounds "11"]
[EventCountry "USA"]
[SourceTitle "CB07_2024"]
[SourceDate "2024.02.14"]
[SourceVersion "1"]
[SourceVersionDate "2024.02.14"]
[SourceQuality "1"]

1. d4 g6 2. e4 Bg7 3. Nf3 d6 4. Nc3 Bg4 5. Be3 Nc6 6. d5 Bxf3 7. Qxf3 Nd4 8. Qd1 c5 9. dxc6 Nxc6 10. Qd2 Nf6 11. f3 0-0 12. Bc4 Rc8 13. Bb3 Ne5 14. 0-0 Nc4 15. Bxc4 Rxc4 16. Rac1 a6 17. b3 Rxc3 18. Qxc3 Nxe4 19. Qd3 Nc3 20. a4 d5 21. Bd4 Bxd4+ 0-1

[Event "Titled Tuesday intern op 06th Feb Late"]
[Site "Chess.com INT"]
[Date "2024.02.06"]
[Round "7"]
[White "Munoz, Francisco Javier"]
[Black "Guzman Lozano, Campo Elias"]
[Result "1-0"]
[WhiteElo "2389"]
[BlackElo "1837"]
[PlyCount "91"]
[EventDate "2024.02.06"]
[EventType "swiss (blitz)"]
[EventRounds "11"]
[EventCountry "USA"]
[SourceTitle "CB07_2024"]
[SourceDate "2024.02.14"]
[SourceVersion "1"]
[SourceVersionDate "2024.02.14"]
[SourceQuality "1"]

1. e4 c5 2. Nc3 Nc6 3. Bb5 e5 4. Nf3 Bd6 5. Bxc6 dxc6 6. d3 Ne7 7. h3 0-0 8. g4 Ng6 9. Ne2 b5 10. Ng3 Nf4 11. Bxf4 exf4 12. Nf5 g6 13. Nxd6 Qxd6 14. Qd2 Re8 15. 0-0-0 Be6 16. Kb1 Rad8 17. e5 Qd5 18. Qxf4 Qxa2+ 19. Kc1 c4 20. d4 Qa1+ 21. Kd2 Qxb2 22. Rb1 c3+ 23. Ke3 Qxc2 24. Rhc1 Qa4 25. Rxc3 Bc4 26. Ng5 Qa2 27. Rxc4 Qxc4 28. Rd1 c5 29. Ne4 Qc2 30. Qh6 cxd4+ 31. Kf4 Re6 32. Rd2 Qc1 33. f3 b4 34. Kg3 b3 35. Ng5 Qg1+ 36. Kf4 Qe3+ 37. Kg3 Qxe5+ 38. Kg2 Rf6 39. Qxh7+ Kf8 40. Ne4 Rf4 41. Qh6+ Ke7 42. Qh4+ Kd7 43. Qe1 Kc7 44. Qc1+ Kb8 45. Rb2 Rxe4 46. Rxb3+ 1-0

[Event "Titled Tuesday intern op 16th Jan Early"]
[Site "Chess.com INT"]
[Date "2024.01.16"]
[Round "8"]
[White "Guzman Lozano, Campo Elias"]
[Black "Ambartsumova, Karina"]
[Result "0-1"]
[WhiteElo "1837"]
[BlackElo "2418"]
[PlyCount "122"]
[EventDate "2024.01.16"]
[EventType "swiss (blitz)"]
[EventRounds "11"]
[EventCountry "USA"]
[SourceTitle "CB04_2024"]
[SourceDate "2023.10.16"]
[SourceVersion "1"]
[SourceVersionDate "2023.10.16"]
[SourceQuality "1"]

1. e4 e5 2. Bc4 Nf6 3. d3 c6 4. Nc3 Be7 5. Bg5 h6 6. Bh4 0-0 7. Nf3 b5 8. Bb3 a5 9. a4 b4 10. Ne2 d5 11. Nxe5 Qc7 12. Bg3 Bd6 13. f4 dxe4 14. 0-0 Ba6 15. Nd4 Bc5 16. Bf2 Qb6 17. Nf5 Bxf2+ 18. Rxf2 exd3 19. cxd3 Nbd7 20. Nc4 Bxc4 21. Bxc4 Nc5 22. Qf3 Kh7 23. Kh1 Rad8 24. d4 Ne6 25. Rd2 Nxd4 26. Nxd4 Rxd4 27. Rxd4 Qxd4 28. Qd3+ Qxd3 29. Bxd3+ g6 30. h3 Rd8 31. Bc4 Kg7 32. Re1 Rd4 33. b3 Rxf4 34. Re7 Nd5 35. Ra7 Ne3 36. Be2 Rf2 37. Bf3 Rb2 38. Rxa5 Rxb3 39. Rc5 Rc3 40. Re5 b3 41. Re8 b2 42. Rb8 Rc1+ 43. Kh2 Nf1+ 44. Kg1 Nd2+ 45. Kf2 b1Q 46. Rxb1 Rxb1 47. Bxc6 Ra1 48. Ke3 Nc4+ 49. Kd4 Nb6 50. Kc5 Nxa4+ 51. Kb4 Nb6 52. Kc5 Nc8 53. Bd7 Ne7 54. Kd6 Nf5+ 55. Ke5 Ra5+ 56. Kf4 Kf6 57. g4 g5+ 58. Kf3 Ra3+ 59. Kf2 Nh4 60. Bc6 Rxh3 61. Kf1 Rc3 0-1